Responses for show #3100 - Friday, February 6, 1998

1998 Tournament of Champions quarterfinal game 5.

Contestants

Grace Veach, a librarian from Decatur, Illinois

Bob Harris, a political humorist originally from Cleveland, Ohio

Wes Ulm, a medical student from Boston, Massachusetts

Jeopardy! Round responses

AFRICAN AMERICANS
ANNUAL EVENTS
CELEBRITY QUOTES
TRAVEL & TOURISM
PETS
3-LETTER WORDS
    $100 29
Union

Wes
    $100 27
Mules

Bob
    $100 5
Stephen King

Wes
    $100 9
Beaches

Bob
    $100 19
(B: What is a basset hound?)

Beagle

WesBob
    $100 20
Wag

Wes
    $200 30
Sammy Davis, Jr.

Wes
    $200 28
Shepherds

Wes
    $200 14
Danny Bonaduce

Bob
    $200 17
The Sphinx

Grace
    $200 3
(G: What is black?)

White

Grace
Triple Stumper
    $200 21
Ten

Grace
    $500 1
(W: What is New York City?)

Chicago

Wes
    $300 11
Bards

Grace
    $300 24
Bob Vila

Bob
    $300 18
Galapagos Islands

Wes
    $300 10
Molting

Wes
    $300 2
Nod

Wes
    $400 4
(W: Who is Marshall?)

Oliver Brown

WesGrace
    $400 12
(G: What is winnowing?)

Threshing

Grace
Triple Stumper
    $400 25
Erik Estrada

Bob
    $400 22
Capri

Grace
    $400 15
Blood pressure

Bob
    $400 7
Dud

Grace
    $500 6
(G: Who is Jaco Pastorious?)

Charlie Mingus

Grace
Triple Stumper
    $500 13
Yam

Bob
    $500 26
Anthony Edwards

Bob
    $500 23
South Africa

Bob
    $500 16
(B: What are guinea pigs?)

Gerbils

WesBob
    $500 8
(Alex: Don't try & overcomplicate it, players!)

Leo

Triple Stumper

Scores at the first commercial break (after clue 14):

Wes Bob Grace
-$200 $800 $0

Scores at the end of the Jeopardy! Round:

Wes Bob Grace
$1,300 $2,400 $800

Double Jeopardy! Round responses

THE 18th CENTURY
OUT TO SEA
DIRECTORS
AROUND THE CASTLE WITH LANCE
FICTION
ENDS IN "FF"
    $200 6
Bangkok

Wes
    $200 24
(B: What is the Gulf of Mexico?)

Caribbean Sea

WesBob
    $200 21
Alfred Hitchcock

Bob
    $200 12
Drawbridge

Wes
    $200 8
Michael Crichton

Grace
    $200 1
Bake-off

Bob
    $400 13
Frederick the Great

Grace
    $400 27
Red Sea

Wes
    $400 20
Oliver Stone

Grace
    $400 22
Buttresses

Bob
    $400 9
Colleen McCullough

Triple Stumper
    $400 2
Bailiff

Grace
    $600 14
(G: What is Chinese New Year?)
(Alex:(before Final Jeopardy) We have a change in scoring & it affects Grace - your response of Chinese New Year is correct, so we're adding $1,200 to your score)

Tet

WesGrace
    $600 28
(B: What is the Yellow Sea?)

Adriatic Sea

WesBob
    $600 17
(G: What is "On The Waterfront?")

A Streetcar Named Desire

WesGrace
    $600 23
(B: What's a.....loo?)

Portcullis

WesBob
    $600 7
Ken Follett

Grace
    $600 3
Cardiff

Grace
    $800 15
Encyclopaedia Britannica

Bob
    $800 29
North Sea

Grace
    $800 18
Akira Kurosawa

Grace
    $800 25
Dovecote

Triple Stumper
    $800 10
Sara Paretsky

Triple Stumper
    $1,500 4
(Supreme) Pontiff

Grace
    $1000 16
Captain James Cook

Triple Stumper
    $1000 30
(B: What is the St. Lawrence Sea?)

Bering Sea

Bob
Triple Stumper
    $1,000 19
David Lean

Grace
    $1000 26
Keep

Grace
    $1000 11
James Patterson

Grace
    $1000 5
Tariff

Wes

Scores at the end of the Double Jeopardy! Round:

Wes Bob Grace
$5,700 $1,600 $9,500

Final Jeopardy! Round responses

U.S. CITIES
(Alex:(to Bob) - You're correct!)
(Bob: For the 1st time today - Thank You!)
(The four Wild Card spots go to F. Ramen, K. Worth, D. Melia, and...)
(Alex: Hey, there are only 8 of us up here - who's missing?)
(C. Perry: I think Bob's missing!)
(Alex: Bob's the man - come up here!)
BobWhat St. Augustine?
$1,600
WesWhat is Santa Fe
$5,100
GraceWhat is St. Augustine?
$1,000
St. Augustine, Florida

Final scores:

Wes Bob Grace
$600 $3,200 $10,500
3rd place: $2,500 if eliminated 2nd place: $2,500 if eliminated Automatic semifinalist

Game dynamics:

Coryat scores:

Wes Bob Grace
$6,200 $1,600 $8,800
19 R,
2 W
(including 1 DD)
13 R,
6 W
19 R
(including 2 DDs),
4 W

Combined Coryat: $16,600

The J! Archive is created by fans, for fans. The Jeopardy! game show and all elements thereof, including but not limited to copyright and trademark thereto, are the property of Jeopardy Productions, Inc. and are protected under law. This website is not affiliated with, sponsored by, or operated by Jeopardy Productions, Inc. Join the discussion at JBoard.tv.